Situácia je všade rovnaká

Bibliographic Details
Main Author: (ič, as, ri, ok) (Author)
Corporate Author: Nemocnica s poliklinikou (Stará Ľubovňa, Slovensko) (Author)
Format: Article
Language:Slovak
Subjects:

MARC

LEADER 00000nab a2200000 a 4500
001 vtls001030126
003 SK-MaSNL
005 20260304225106.0
008 040720e20011123xo 0 slo
035 |a SL8680 
040 |a SLLK  |b slo  |c SLLK  |e AACR2 
041 0 |a slo 
044 |a xo  |c SK 
080 |a 614  |2 1981 
100 1 |a (ič, as, ri, ok)  |4 aut  |9 1560922 
245 1 0 |a Situácia je všade rovnaká 
610 2 7 |a Nemocnica s poliklinikou (Stará Ľubovňa, Slovensko)  |2 SLLK  |9 59204 
650 0 7 |a zdravotníctvo  |2 SLLK  |9 1269 
650 0 7 |a situácia ekonomická  |2 SLLK  |9 879502 
650 0 7 |a informácie  |2 SLLK  |9 1285 
651 7 |a Stará Ľubovňa (Slovensko)  |2 SLLK  |9 19193 
651 7 |a SL,  |2 SLLK  |9 1022390 
655 7 |a periodikum  |2 snkbucl  |9 29553 
710 2 |a Nemocnica s poliklinikou (Stará Ľubovňa, Slovensko)  |4 aut  |9 59204 
773 0 8 |t Pravda  |g Roč. 11, č.269, 23.11.2001, s. 3 
852 |a ZVYKNI  |b KIS3GCP 
999 |c 3175613  |d 3177543